| 000 | 00648nam a2200217Ia 4500 | ||
|---|---|---|---|
| 001 | 9262 | ||
| 003 | GE_BSU | ||
| 008 | 181216s||||||||xx |||||||||||||| ||und|| | ||
| 040 | _cGE_BSU | ||
| 080 | _a620.9+69(035.5) | ||
| 100 | _aЛивинец,Н.П. | ||
| 245 | _aКарманный справочник: энергетика-строителя. | ||
| 245 | _cРед. П.В.Смишенко,худ. ред. Я.М.Яковенко. | ||
| 260 | _aКиев. | ||
| 260 | _bБудивельник. | ||
| 260 | _c1973. | ||
| 300 | _a247 стр. 17см. | ||
| 300 | _eтабл. | ||
| 653 | _aКарманный справочник. | ||
| 942 | _cBK | ||
| 999 |
_c42563 _d42563 |
||